| 000 | 01377nam a2200205Ia 4500 | ||
|---|---|---|---|
| 003 | Ost | ||
| 005 | 20260507075700.0 | ||
| 008 | 260507s9999||||xx |||||||||||||| ||und|| | ||
| 020 | _a9957160737 | ||
| 040 | _cfsecg | ||
| 041 | _aara | ||
| 100 |
_aملحم، أحمد سالم _eمؤلف |
||
| 245 | 0 |
_aبيع المرابحة وتطبيقاته في المصاريف الاسلامية : _bدراسة فقهية مقارنة بين حقيقة المرابحة بصورتيها المركبة والبسيطة والممارسات النظرية والعلمية لبيع المرابحة للآمر بالشراء في المصارف الاسلامية / _c أحمد سالم ملحم |
|
| 260 |
_aعمان: _bدار الثقافة, _c2005 |
||
| 300 |
_a308 صفحة؛ _c24 سم |
||
| 504 | _aبيبليوغرافيا ص.289 | ||
| 520 | _aطريقة المرابحة في البيع وتقسيمها الى بسيطة ومركبة:شروط المرابحة،ما يجب بيانه في المرابحة البسيطة،مايجب بيانه مايلحق برأس المال-المرابحة المركبة،حقيقة المرابحة المركبة،مقارنة بين المرابحة البسيطة والمركبة،المرابحة الخارجية،مشروعية المرابحة المركبة. | ||
| 653 | _aالبنوك الاسلامية | ||
| 942 | _cكتاب | ||
| 999 |
_c45799 _d45799 |
||